00676nam a22001937a 450000500170000001000150001702000260003203500140005803700130007208200110008510000260009624500650012226000570018727000400024430000210028494200250030599900190033095201330034920231206112810.0 aENG-137641 a9789380228686c395.00 aEN-121173 bDBAD/PUB a658.84 aSukhija,Piyush959554 aE- Commerce:bOpportunities & Challenges/cBy Piyush Sukhija aNew DelhibGlobal India Publications Pvt. Ltd.c2010 a11, Darya Ganj, bNew Delhie110002 a317p.c22cm(pbk) 2ddccENh658.84kSUK c196814d196814 001040708NFICaVPbVPd2023-07-31eDBAD/PUBg395.00l0o658.84 SUKpEN-121173r2023-07-31 00:00:00t1v395.00w2023-07-31yEN